Medzi človekom a ľuďmi úvod do sociálnej psychológie

Bibliographic Details
Main Author: Masaryk, Radomír (Author)
Format: Book
Language:Slovak
PhysicalDescription:207 strán fotografie a ilustrácie 21 cm
Published: V Bratislave Univerzita Komeského v Bratislave 2021
ISBN:9788022352499
Edition:3. vydanie
Subjects:

MARC

LEADER 00000cam a2200000 4500
001 vtls012195098
003 SK-MaSNL
005 20260301192301.0
008 230203s2021 xo oa f np 000 0 slo
015 |a SNBA2023/02 
020 |a 9788022352499  |q (brožované) 
040 |a SNK  |b slo  |c SNK  |e rda 
041 0 |a slo 
044 |a xo  |c SK 
072 7 |a 316.4/.7  |x Sociálne interakcie  |2 konspekt 
072 7 |a 37.016  |x Učebné osnovy. Vyučovacie predmety. Učebnice  |2 konspekt 
080 |a 316.6  |2 2011 
080 |a 316.3/.6  |2 2011 
080 |a 316.72/.75  |2 2011 
080 |a 316.472.4  |2 2011 
080 |a 316.772.4  |2 2011 
080 |a (075.8)  |2 2011 
100 1 |a Masaryk, Radomír  |4 aut  |9 13228 
245 1 0 |a Medzi človekom a ľuďmi  |b úvod do sociálnej psychológie  |c Radomír Masaryk 
246 3 0 |a Úvod do sociálnej psychológie 
250 |a 3. vydanie 
264 1 |a V Bratislave  |b Univerzita Komeského v Bratislave  |c 2021 
300 |a 207 strán  |b fotografie a ilustrácie  |c 21 cm 
336 |a text  |b txt  |2 rdacontent 
337 |a bez média  |b n  |2 rdamedia 
338 |a zväzok  |b nc  |2 rdacarrier 
500 |a Obsahuje biografické údaje o autorovi na zadnej strane obálky publikácie 
500 |a Obsahuje poznámky pod čiarou 
504 |a Obsahuje bibliografiu za jednotlivými kapitolami 
650 0 7 |a sociálna psychológia  |2 SNKPH  |9 1007 
650 0 7 |a Social psychology  |2 SNKPHeng  |9 308216 
650 0 7 |a človek a spoločnosť  |2 SNKPH  |9 4102 
650 0 7 |a Man and society  |2 SNKPHeng  |9 268434 
650 0 7 |a kultúra a spoločnosť  |2 SNKPH  |9 4083 
650 0 7 |a Culture and society  |2 SNKPHeng  |9 265089 
650 0 7 |a interpersonálne vzťahy  |2 SNKPH  |9 3770 
650 0 7 |a Interpersonal relations  |2 SNKPHeng  |9 278058 
650 0 7 |a interpersonálna komunikácia  |2 SNKPH  |9 2690 
650 0 7 |a Interpersonal communication  |2 SNKPHeng  |9 306572 
655 7 |a učebnice vysokých škôl  |2 SNKPH  |9 70191 
655 7 |a Textbooks (higher)  |2 SNKPHeng  |9 276436 
752 |a Slovensko  |d Bratislava 
919 |a 978-80-223-5249-9 
954 |a odborná, vedecká literatúra pôvodná (slovenská)  |2 lita 
958 |a NB 
999 |c 873806  |d 875736 
952 |a SNK  |b SNK  |y PREZ  |7 0  |p 17A1519296  |o snkSC 201141  |i snk2023/3490  |8 0  |0 0  |1 0  |4 0  |d 2023-02-28  |f 1  |l 0  |r 2025-10-23 00:00:00  |w 2026-02-24